Eğlenceli Bilim (Record no. 9026)

MARC details
000 -BAŞLIK
Sabit Uzunluktaki Kontrol Alanı 00542nam a22001937a 4500
003 - KONTROL NUMARASI KİMLİĞİ
Kontrol Alanı koha_MIRAKIL
005 - EN SON İŞLEM TARİHİ ve ZAMANI
Kontrol Alanı 20231213095748.0
008 - SABİT UZUNLUKTAKİ VERİ ÖGELERİ - GENEL BİLGİ
Sabit Alan 231213b |||||||| |||| 00| 0 ||| d
020 ## - ISBN - ULUSLARARASI STANDART KİTAP NUMARASI
-- 978-6-05-360742-7
040 ## - KATALOGLAMA KAYNAĞI
Özgün Kataloglama Kurumu TR-IsEVY
Kataloglama Dili tur
Çeviri Kurumu TR-IsEVY
082 ## - DEWEY ONU SINIFLAMA SİSTEMİ
Sınıflama Numarası 590 WIL/E
100 ## - KİŞİ ADI
Yazar Adı (Kişi adı) Wilkes, Angela.
245 #0 - ESER ADI BİLDİRİMİ
Başlık Eğlenceli Bilim
Alt Eseradı vb. Hayvan yuvaları
260 ## - YAYIN, DAĞITIM, VB.
Yayınevi Türkiye İş Bankası Kültür Yayınları ,
Yayın Tarihi 2012
300 ## - FİZİKSEL TANIMLAMA
Sayfa, Cilt vb. 56 s.
650 ## - KONU BAŞLIĞI EK GİRİŞ - KONU TERİMİ
Konusal terim veya coğrafi ad Dünyanın İşleyişi How the world works.
650 ## - KONU BAŞLIĞI EK GİRİŞ - KONU TERİMİ
Konusal terim veya coğrafi ad Zooloji.
942 ## - EK GİRİŞ ÖGELERİ (KOHA)
Source of classification or shelving scheme Dewey Decimal Classification
Koha item type Kitap
Holdings
Kayıp Durumu Sınıflandırma Kaynağı Hasarlı Durumu Kalıcı Konum Mevcut Konum Kayıt Tarih Edinim Kaynağı Toplam Ödünçverme Yer Numarası Demirbaş Numarası Son Görülme Tarihi Son Kontrol Tarihi Fatura Tarihi Materyal Türü
  Dewey Decimal Classification   İLKOKUL KÜTÜPHANESİ İLKOKUL KÜTÜPHANESİ 09/12/2014 Satınalma 1 590 WIL/E 09234 19/11/2024 26/04/2024 30/01/2020 Kitap